Michigan Lawyers Weekly

Detalles Bibliográficos
Formato: eBook
Lenguaje:inglés
Publicado: [s.l.] : [s.n.] : 2012 -
Materias:
Acceso en línea:Acceso restringido

MARC

LEADER 00000nam a22000007a 4500
005 20140505163654.0
007 cr|||| ||||
008 140505c20129999us |||| s|||| 0|||a1eng d
035 |a 12106 
040 |a vLex 
090 |c 4907  |d 4907 
245 0 0 |a Michigan Lawyers Weekly  |h [Recurso electrn̤ico]  
256 |a Servicio en ln̕ea 
260 |a [s.l.] :  |b [s.n.] :  |c 2012 - 
300 |a 1 recurso electrn̤ico 
310 |a Semanal 
506 1 |a Contenido solo disponible en los productos indicados  |d vLex Global  |d vLex Global (Academic Edition, excluding Law Schools)  |d vLex Global (U.S. Academic Edition, excluding Law Schools) 
650 0 4 |a Diarios  |z Estados Unidos 
740 0 |a vLex Revistas (Servicio en ln̕ea) 
856 4 0 |u http://vlex.com/source/michigan-lawyers-weekly-12106/  |z Acceso restringido 
942 |c REV 
999 0 |a Newspapers